Sancti Patris Nostri Joannis Chrysostomi

সংরক্ষণ করুন:
গ্রন্থ-পঞ্জীর বিবরন
প্রধান লেখক: Caillau, D. A. B (Author)
বিন্যাস: গ্রন্থ
ভাষা:লাতিন
প্রকাশিত: París Paul Mellier 1843
সংস্করন:1a. ed
বিষয়গুলি:
ট্যাগগুলো: ট্যাগ যুক্ত করুন
কোনো ট্যাগ নেই, প্রথমজন হিসাবে ট্যাগ করুন!

MARC

LEADER 00000cam a2200000 a 4500
001 UCD3486
003 CL-VaPUC
008 160609e18430000fr |||||||||||||||||lat|d
082 0 4 |a 281  |b CAI  |2 21 
100 0 |a Caillau, D. A. B  |e author  |9 586996 
245 1 0 |a Sancti Patris Nostri Joannis Chrysostomi 
250 |a 1a. ed 
300 |a 328 p 
942 |c BK 
945 |d 20160609 22:21:00  |a dcastane 
260 |a París  |b Paul Mellier  |c 1843 
650 0 |a Patrística  |9 322007 
650 7 |a IGLESIA PRIMITIVA  |2 CL-VaPUC  |9 394704 
650 0 |a Padres de la Iglesia  |9 313352 
583 |a last modification  |c 20160609 22:21:00  |k Rodrigo Vera 
999 |c 364522  |d 364520 
952 |0 0  |1 0  |3 erd  |4 0  |6 281_000000000000000_CAI_1843  |7 0  |8 X  |9 477805  |a BIBTEO  |b BIBTEO  |c TEO_FFR  |i 5235502  |o 281 CAI 1843  |p 5235502  |r 2024-01-18  |w 2019-11-24  |y BK_X  |z Catalogado en:20160609  |k OFM